Maximal functions measuring smoothness

Αποθηκεύτηκε σε:
Λεπτομέρειες βιβλιογραφικής εγγραφής
Κύριος συγγραφέας: DeVore, Ronald A.
Άλλοι συγγραφείς: Sharpley, Robert C. 1946-
Μορφή: Βιβλίο
Γλώσσα:English
Δημοσίευση: Providence, R.I., USA : American Mathematical Society, 1984
Σειρά:Memoirs of the American Mathematical Society ; ; 293
Θέματα:
Ετικέτες: Προσθήκη ετικέτας
Δεν υπάρχουν, Καταχωρήστε ετικέτα πρώτοι!

MARC

LEADER 00000cam a2200000 i 4500
001 1/49829
008 941103s1984 eng d
020 |a 0821822934 
035 |l 10043715 
035 |a 1994 
040 |a GR-MY-UA  |b gre  |e aacr 
041 0 |a eng 
082 0 |a 515.84  |2 (19) 
100 1 |a DeVore, Ronald A. 
245 1 0 |a Maximal functions measuring smoothness /  |c Ronald A. DeVore and Robert C. Sharpley 
260 |a Providence, R.I., USA :   |b American Mathematical Society,   |c 1984 
300 |a vii, 115 p.;  |c 26 cm 
490 1 |a Memoirs of the American Mathematical Society  |v ; 293 
500 |a "January 1984, volume 47, number 293 (fifth of six numbers)" 
504 |a Bibliography: p. 114-115 
650 0 0 |a Functions of several real variables. 
650 0 0 |a Smoothness of functions. 
650 0 0 |a Maximal functions. 
650 0 0 |a Sobolev spaces. 
700 1 |a Sharpley, Robert C.  |d 1946- 
830 0 |a Memoirs of the American Mathematical Society ;  |v ; 293 
852 |a INST  |b SAMOS  |e 19941103  |h 515.84 DEV  |p 005300007536  |q 005300007536  |t BK  |y 0 
909 |a Σ  |b 033665